000 00418nam a2200181Ia 4500
003 IT-RoPAU
008 120407s9999 xx 000 0 und d
040 _aIT-RoPAU
040 _cIT-RoPAU
100 _aMaurizio Marin
245 _aEleos: l'affanno della ragione. Tra compassione e misericordia
250 _aRoma
260 _aLas
300 _c cm
490 _v1
700 _aMauro Mantovani
942 _cBK
999 _c7384
_d7384